|
|
|
|
| LEADER |
00000nab a2200000 a 4500 |
| 001 |
vtls009357391 |
| 003 |
SK-MaSNL |
| 005 |
20260304152253.0 |
| 008 |
250506c2008 xo |||||||||||000 b|slo |
| 015 |
|
|
|a SNBRB2008/11
|2 snkbucl
|
| 035 |
|
|
|a (uuid)a637aae9-c1b8-4c1d-96c4-63dad841f412
|
| 035 |
|
|
|a urn:nbn:sk:snk-ab13jd
|
| 035 |
|
|
|a (urnnbn)urn:nbn:sk:snk:ar-a052ux
|
| 038 |
|
|
|a SNKBUCL
|
| 040 |
|
|
|a SNKBUCL
|b slo
|c SNKBUCL
|e AACR2
|
| 041 |
0 |
|
|a slo
|
| 044 |
|
|
|a xo
|c SK
|
| 080 |
|
|
|a 53:371.384
|x (100)
|2 2001
|
| 080 |
|
|
|a 371.384:53
|x (100)
|2 2001
|
| 100 |
1 |
|
|a Čáp, Ivo,
|d 1948-
|4 aut
|9 7725
|
| 245 |
1 |
0 |
|a 39. Medzinárodná fyzikálna olympiáda
|c Ivo Čáp
|
| 246 |
3 |
|
|a Tridsiatadeviata Medzinárodná fyzikálna olympiáda
|
| 300 |
|
|
|b Fotogr., tab.
|
| 611 |
2 |
7 |
|a Medzinárodná fyzikálna olympiáda
|n (39. :
|d 2008 :
|c Hanoj, Vietnam)
|2 snkbucl
|9 1473514
|
| 650 |
0 |
7 |
|a fyzika
|2 snkbucl
|9 816
|
| 650 |
0 |
7 |
|a fyzikálna olympiáda
|2 snkbucl
|9 83730
|
| 773 |
0 |
|
|t Obzory matematiky, fyziky a informatiky
|g Roč. 37, č. 3 (2008), s. 70-78
|x 1335-4981
|
| 850 |
|
|
|a Slovenská národná knižnica
|
| 852 |
|
|
|a Slovenská národná knižnica
|
| 954 |
|
|
|a odborná, vedecká literatúra pôvodná (slovenská)
|2 lita
|
| 958 |
|
|
|a article27
|
| 958 |
|
|
|a OND
|
| 958 |
|
|
|a EUIPO
|
| 999 |
|
|
|c 2948057
|d 2949987
|